000 00568nam a2200145Ia 4500
008 130821s1931 ck gr spa
040 _aCo-BoUCM
_bspa
041 0 0 _aspa
245 0 0 _aBoletín del Ministerio de relaciones Exteriores segunda época ; tratados y convenciones
_cMinisterio de Relaciones Exteriores
260 _aBogotá (Colombia)
_bMinisterio de Relaciones Exteriores
_c1931
300 _a815 páginas
651 7 _aColombia
_bRelaciones internacionales
_926606
942 _cLIBRO
_a6
_e1
_mC646
_2DEWEY
_h327.861
999 _c62418
_d62418